Vehicles act, 1988: 59 of 1988 B N Chaudhury's the motor with central rules, central notification, state amendments and state accident claims tribunals rules along with comparative chart of old and new acts and rice versa (Record no. 67733)

MARC details
000 -LEADER
fixed length control field 00571nam a2200157Ia 4500
008 - FIXED-LENGTH DATA ELEMENTS--GENERAL INFORMATION
fixed length control field 230917s9999||||xx |||||||||||||| ||und||
040 ## - CATALOGING SOURCE
-- 79272
Original cataloging agency VIVEKANANDA LIBRARY
041 ## - Language
-- English
082 ## - DDC NUMBER
Classification number 343.0944 C393B
100 ## - MAIN ENTRY--PERSONAL NAME
Personal name Chaudhuri, B N
245 #0 - TITLE STATEMENT
Title Vehicles act, 1988: 59 of 1988 B N Chaudhury's the motor with central rules, central notification, state amendments and state accident claims tribunals rules along with comparative chart of old and new acts and rice versa
250 ## - EDITION STATEMENT
Edition statement 8th ed.
260 ## - PUBLICATION, DISTRIBUTION, ETC. (IMPRINT)
Place of publication, distribution, etc Allahabad
Name of publisher, distributor, etc Law
Date of publication, distribution, etc 1990
300 ## - PHYSICAL DESCRIPTION
Pages xciii, 1266 p.
942 ## - ADDED ENTRY ELEMENTS (KOHA)
Koha item type Books
Holdings
Withdrawn status Lost status Damaged status Not for loan Location (home branch) Sublocation or collection (holding branch) Date acquired Koha issues (times borrowed) Koha full call number Accession No. Koha date last seen Koha item type
        VIVEKANANDA LIBRARY VIVEKANANDA LIBRARY 07/03/2003   343.0944 C393B 140576 17/09/2023 Books
© Designed and Maintained by Vivekananda Library, MDU Rohtak